Articles de la Constitution de la Vème République - Statistiques

Statistiques générales
  • Ce quiz a été pris 359 fois
  • Le résultat moyen est 34 sur 108
Statistiques - réponses
Hint Réponse % Correct
Une République indivisible, laïque, démocratique et sociale. Principe de décentralisation Article 1
61%
Le domaine de la loi Article 34
61%
Droit au référendum législatif Article 11
60%
Les pouvoirs exceptionnels du Président en cas d'urgence Article 16
60%
Modalités de révision de la Constitution Article 89
59%
Les matières autres que celles qui sont du domaine de la loi ont un caractère réglementaire Article 37
57%
Dissolution de l'Assemblée Nationale Article 12
56%
Le Président nomme le Premier Ministre (+ nomination des autres ministres) Article 8
56%
Le Gouvernement détermine et conduit la politique de la Nation Article 20
55%
Le Président est élu au suffrage universel direct Article 6
54%
Le Premier Ministre dirige l'action du gouvernement Article 21
52%
Le Président est le chef des armées Article 15
51%
La Question Prioritaire de Constitutionnalité (QPC), contrôle a posteriori Article 61-1
51%
Les modalités de l'élection présidentielle et vacance de la présidence Article 7
50%
Les symboles de la République et le principe d'un gouvernement pour le peuple et par le peuple article 2
49%
Le Président préside le conseil des Ministres Article 9
49%
La promulgation des lois par le Président Article 10
48%
Encadrement des ordonnances Article 38
48%
Démission du Gouvernement après avoir engager sa responsabilité politique Article 50
48%
Le Conseil Constitutionnel est saisi a priori pour contrôler la constitutionnalité des lois votées Article 61
47%
Le Parlement vote la loi Article 24
46%
Responsabilité politique du Gouvernement Article 49
46%
Droit de grâce à titre individuel Article 17
45%
Le Président peut discourir devant le Parlement réuni en Congrès Article 18
45%
Le principe de la souveraineté nationale et les conditions pour être électeur Article 3
44%
Le Président est garant du respect de la Constitution et des traités internationaux Article 5
44%
Autres pouvoirs propres du Président Article 19
43%
La liberté des partis politiques et leurs obligations Article 4
42%
Irresponsabilité pénale du Président de la République seulement pendant la durée de son mandat Article 67
42%
La compétence de la Haute-Cour Article 68
42%
Actes du Premier Ministre contresignés par les ministres idoines Article 22
41%
Incompatibilité entre les fonctions de ministre et de parlementaire Article 23
40%
Le Président nomme aux emplois civils et militaires de l’État Article 13
39%
Les traités ont une valeur supérieure à celle de la loi Article 55
39%
Nul ne peut être condamné à la peine de mort Article 66-1
39%
Tout mandat impératif est nul Article 27
38%
Droit d'amendement Article 44
38%
La composition du Conseil Constitutionnel (nomination de ses membres) Article 56
38%
Le Président est le chef de la diplomatie Article 14
37%
Concurrence de l'initiative des lois entre le Parlement et le Gouvernement Article 39
36%
Interdiction pour les parlementaires de formuler des propositions de lois conduisant à baisser les ressources publiques Article 40
36%
Responsabilité pénale des ministres Article 68-1
36%
Effets des décisions du Conseil Constitutionnel qui s'imposent à tous (autorité de la chose jugée) Article 62
35%
Le Président est garant de l'indépendance de l'autorité judiciaire Article 64
33%
Nul ne peut être arbitrairement détenu (Habeas Corpus) Article 66
33%
Modalités de vote des lois de finances Article 47
32%
Les collectivités territoriales: fonctions et compétences
Article 72
32%
Modalités de vote des lois de finances de la Sécurité Sociale Article 47-1
31%
La fixation de l'ordre du jour Article 48
31%
Le Conseil Constitutionnel veille à la régularité des référendums Article 60
31%
Principe de rétroactivité pénale pour les membres du gouvernement (article désuet ?) Article 68-3
31%
Immunité parlementaire et conditions de sa levée Article 26
30%
Session ordinaire du Parlement (octobre - juin) Article 28
30%
Les sessions extraordinaires sont ouvertes et closes par décret présidentiel Article 30
30%
Le Président négocie et ratifie les traités internationaux Article 52
30%
La supériorité de la Constitution par rapport aux traités: en cas de non conformité, la ratification du traité doit se faire après une révision de la Constitution Article 54
30%
La déclaration de guerre Article 35
29%
L'état de siège Article 36
29%
Navette parlementaire entre les deux assemblées Article 45
29%
Le Conseil Constitutionnel veille à la régularité de l'élection présidentielle Article 58
29%
Le Défenseur Des Droits (DDD) Article 71-1
29%
Session extraordinaire (ordre du jour spécifique) Article 29
27%
Modalités de vote des lois organiques Article 46
27%
La compétence de la Cour de justice de la République Article 68-2
27%
Les procédures démocratiques dans les collectivités territoriales (exemple: le référendum local) Article 72-1
27%
Irrecevabilité de la proposition de loi ou de l'amendement Article 41
26%
Le Conseil Constitutionnel veille à la régularité des élections des parlementaires Article 59
26%
Une loi organique fixe les conditions du Parlement Article 25
25%
Vote des résolutions Article 34-1
25%
Déclaration du Gouvernement devant le Parlement sans engager sa responsabilité Article 50-1
25%
Scrutin d'auto-détermination des populations de Nouvelle-Calédonie pour se prononcer sur les dispositions de l'accord de Nouméa du 5 mai 1998 Article 76
25%
Les ressources des collectivités territoriales, et les transferts de compétences Article 72-2
24%
Le rôle des commissions permanentes et spéciales Article 43
23%
La Cour des comptes Article 47-2
23%
Le Conseil Supérieur de la Magistrature Article 65
23%
Le statut des collectivités d'outre-mer Article 74
23%
Intégration dans la Constitution du droit de l'Union Européenne Article 88-1
23%
Le Gouvernement a accès aux deux assemblées Article 31
22%
Caractère expérimentale des dispositions de la loi ou du règlement Article 37-1
22%
Le statut du Conseil économique, social et environnemental (CESE) Article 69
22%
Le statut des DROM Article 73
22%
La reconnaissance de la Cour Pénale Internationale Article 53-2
21%
Incompatibilité entre les fonctions de membre du Conseil Constitutionnel et ministre/ membre du Parlement Article 57
21%
Élections des présidents de l'Assemblée nationale et du Sénat Article 32
19%
Les modalités du scrutin d'autodétermination (trois scrutins prévus) et de la mise en œuvre de l'accord de Nouméa Article 77
19%
La République peut conclure des accords avec des États qui désirent s'associer à elle pour développer leurs civilisations. Article 88
19%
Le rôle des commissions d'enquêtes Article 51-2
18%
Constitutionnalité du Mandat d'Arrêt Européen (MAE) Article 88-2
18%
La discussion en séance publique porte sur le texte adopté en commission (et non le texte présenté par le Gouvernement) Article 42
17%
Les débats en séance retranscrits dans le JORF + chaque assemblée peut siéger en comité secret Article 33
16%
Les traités ou accords internationaux nécessitant un vote au Parlement ou un référendum Article 53
16%
Les missions du CESE Article 70
16%
La composition et règles de fonctionnement du CESE Article 71
15%
Les langues régionales appartiennent au patrimoine de la France Article 75-1
15%
Solidarité et coopération entre les pays de la francophonie Article 87
15%
Adaptation des lois applicables en France métropolitaine dans les collectivités d'outre-mer Article 74-1
14%
Le référendum relatif à l'adhésion d'un État à l'UE Article 88-5
14%
Coopération européenne et droit d'asile Article 53-1
13%
Les modalités de consultation de la population concernée par un projet d'évolution du statut d'un territoire. Article 72-4
13%
Le droit de vote et d'éligibilité des citoyens européens résidant en France. Limites à ces droits Article 88-3
13%
Retard de la clôture des sessions parlementaires (pour appliquer l'article 49) Article 51
12%
La loi organique déterminant les modalités de saisine du Conseil Constitutionnel Article 63
12%
Conservation d'un statut civil coutumier pour les citoyens français non concernés par le statut du code civil Article 75
12%
La participation du Parlement à la politique européenne Article 88-4
12%
Principe de subsidiarité: les compétences du Parlement devant les institutions du l'UE Article 88-6
12%
Le règlement de chaque assemblée détermine les droits des groupes parlementaires Article 51-1
9%
Reconnaissance au sein du peuple français des populations d'outre-mer (introduction des articles suivants) Article 72-3
9%
Droit du Parlement de s'opposer à des décisions prises par le Conseil européen Article 88-7
8%
Aucun quiz correspondant
Distribution des résultats
% des personnes avec chaque résultat
Percentile par nombre de réponses
Votre historique - résultats
Vous n’avez pas pris ce quiz